03187nam a22003857a 4500003000900000008004100009040007100050082002400121110007400145245010300219260007200322300004600394440007300440505173400513650002402247650002902271650001702300650002402317650002302341650002302364650002402387650003402411650002402445700002802469700002902497700003002526700003102556700003002587700001502617700002802632700002502660700003002685700003102715710005502746AR-CdUCM190425b ||||| |||| 00| 0 spa d aMUNICIPALIDAD PROVINCIAL DEL CUSCOcBIBLIOTECA MUNICIPAL DEL CUSCO aRev.DIMA/N°23/1984 aInstituto y Museo Arqueológico de la Universidad Nacional del Cuzco aRevista del Museo e Instituto Arqueológico /cUniversidad Nacional de San Antonio Abad del Cusco aCusco :bUniversidad Nacional de San Antonio Abad del Cusco,c1984. a318 páginas. :bilustraciones ;c21 cm. aRevista del Museo e Instituto de Arqueología.nN°23, Año 1984. aContenido: Tres nombres, tres signos cusqueños. Gustavo Pérez Ocampo. -- El taller lítico de Tumuku. Félix Palacios Ríos. -- Arquitectura y cerámica Killke del Cusco. José A. Gonzales Corrales. -- Arqueología de Qolqampata. Alfredo Valencia Zegarra. -- Caminos al Antisuyo. Salustio Gutiérrez Pareja. -- Establecimiento de la gobernación de Vilcabamba de acuerdo a un documento inédito del Siglo XVI. Roberto Cáceres Olivera. -- Qeros Cusqueños un ensayo de interpretación descriptiva de la iconografía Inca contenida en los Qeros o vasos de madera del Cusco. Manuel Chávez Ballón. -- Retratos coloniales en los incas nobles. John Howland Rowe. -- La concepción del tiempo y de la historia Inka en la crónica de Guamán de Guamán Poma de Ayala y su supervivencia actual en la región andina. Abdón Yaranga. -- Algunos elementos de análisis sobre nuestra historia hasta la conquista española. César Gonzales Mires. -- El león y la sierpe una alegoría andina del siglo XVIII. David V. de Rojas Silva. -- Los organistas y organeros del Cuzco antiguo. Teófilo Benavente. -- La conservación del patrimonio monumental a través de la historia. Roberto Samanez Argumedo. -- Causas que originaron la actual distribución espacial de las alpacas y llamas. Jorge Flores Ochoa. -- La caza en la tecnología andina. Leandro Zans Candía. -- La coca en las relaciones inter ecológicas. Jorge Sánchez Farfán. -- La extinción de los Qollanas en el proceso productivo cuzqueño. Abraham Valencia Espinoza. -- Los motivos de los tejidos de Q´ero la descripción de los tejidos. Gail P, Silverman Proust. -- Bibliografía ultima relacionada con la temática de la revista. aArquitectura Killke aArqueología cusqueña aQhapaq Ñan aSistema vial andino aOrfebrería Inka  aHistoria del Cusco aTecnología andina aConservación del patrimonio aTextilería andina aPérez Ocampo, Gustavo aPalacios Ríos, Félix aGonzales Corrales, José aCáceres Olivera, Roberto aChávez Ballón, Manuel aRowe, John aGonzales Mires, César aBenavente, Teófilo aSamanez Argumedo, Roberto aValencia Espinoza, Abraham aUniversidad Nacional de San Antonio Abad del Cusco